000 00299nam a22001337a 4500
008 170512b xxu||||| |||| 00| 0 eng d
020 _a9780195061826
041 _aeng
080 _a94
100 _a16
101 _aSHH
245 _aFROM HEGEL TO EXISTENTIALISM
_cSOLOMON, R.C
942 _2udc
_cBK
999 _c13315
_d13315